Retrouvez les titres de "In the court of the crimson king" - Statistiques

Statistiques générales
  • Ce quiz a été pris 5 fois
  • Le résultat moyen est 3 sur 5
Statistiques - réponses
Hint Réponse % Correct
2 I Talk to the wind
100%
1 21st century schizoid man
75%
4 Moonchild
75%
5 The court of the crimson king
50%
3 Epitath
0%
Aucun quiz correspondant
Distribution des résultats
% des personnes avec chaque résultat
Percentile par nombre de réponses
Votre historique - résultats
Vous n’avez pas pris ce quiz